[Event "Mittelfrank Regionalliga Nord-West 2122"]
[Site "Mittelfranken"]
[Date "2022.05.29"]
[Round "9.4"]
[White "Bardorz, Jana"]
[Black "Ersoez, Can Hakki"]
[Result "1-0"]
[WhiteElo "2031"]
[BlackElo "1828"]
[PlyCount "107"]
[EventDate "2021.10.24"]
[EventType "team-tourn"]
[EventRounds "9"]
[EventCountry "GER"]
[SourceTitle "EXT 2024"]
[Source "ChessBase"]
[SourceDate "2023.10.10"]
[SourceVersion "1"]
[SourceVersionDate "2023.10.10"]
[SourceQuality "1"]
[WhiteTeam "Rottendorf"]
[BlackTeam "Wuerzburg II"]
[WhiteTeamCountry "GER"]
[BlackTeamCountry "GER"]

1. e4 c5 2. Nf3 d6 3. d4 cxd4 4. Nxd4 Nf6 5. Nc3 g6 6. Bc4 Bg7 7. Bb3 Nc6 8. 0-0 0-0 9. Re1 Nd7 10. Be3 Nxd4 11. Bxd4 Bxd4 12. Qxd4 Nc5 13. Rad1 Nxb3 14. axb3 Be6 15. b4 Qb6 16. Nd5 Bxd5 17. exd5 Qxd4 18. Rxd4 Rac8 19. c4 Rfe8 20. b5 e5 21. dxe6 Rxe6 22. Rxe6 fxe6 23. b3 d5 24. Kf1 dxc4 25. bxc4 Rc7 26. Ke2 Kf7 27. Kd3 b6 28. Rh4 Kf6 29. Rd4 Ke7 30. f4 Rc5 31. Re4 a5 32. bxa6 Ra5 33. Kc3 Rxa6 34. Kb4 Ra2 35. Kb5 Rxg2 36. Kxb6 Rxh2 37. c5 Rc2 38. c6 h5 39. Rd4 Kf6 40. c7 Kf5 41. Rd2 Rxc7 42. Kxc7 Kxf4 43. Kd6 h4 44. Kxe6 g5 45. Rd4+ Kf3 46. Kf5 h3 47. Rd3+ Kg2 48. Kg4 h2 49. Rd2+ Kg1 50. Kg3 h1N+ 51. Kf3 g4+ 52. Kxg4 Nf2+ 53. Kf3 Nh1 54. Ra2 1-0

[Event "Heusenstamm Sparkassen op-A 7th"]
[Site "Heusenstamm"]
[Date "2021.11.20"]
[Round "4.56"]
[White "Ersoez, Can Hakki"]
[Black "Rabiya, Karim"]
[Result "0-1"]
[WhiteElo "1964"]
[BlackElo "1803"]
[PlyCount "74"]
[EventDate "2021.11.18"]
[EventType "swiss"]
[EventRounds "7"]
[EventCountry "GER"]
[SourceTitle "EXT 2023"]
[Source "ChessBase"]
[SourceDate "2022.10.05"]
[SourceVersion "1"]
[SourceVersionDate "2022.10.05"]
[SourceQuality "1"]

1. e4 Nf6 2. e5 Nd5 3. d4 d6 4. Nf3 g6 5. Bc4 Nb6 6. Bb3 Bg7 7. 0-0 0-0 8. Re1 e6 9. Bg5 Qd7 10. Qc1 c5 11. dxc5 dxc5 12. Qf4 Nc6 13. Nbd2 Nd5 14. Qh4 Nce7 15. Ne4 Nf5 16. Qh3 h6 17. Nf6+ Nxf6 18. exf6 hxg5 19. fxg7 Kxg7 20. Nxg5 Rh8 21. Qc3+ Qd4 22. Rad1 Qxc3 23. bxc3 b5 24. c4 Rh4 25. cxb5 Nd4 26. Nf3 Nxf3+ 27. gxf3 c4 28. Ba4 Bb7 29. Rd7 Bxf3 30. Rxe6 Rah8 31. Ree7 Rf4 32. Rc7 Rd8 33. Red7 Re8 34. Re7 Rd8 35. Re1 Rh8 36. b6 Rg4+ 37. Kf1 Rxh2 0-1

[Event "Landesliga Nord 1819"]
[Site "Bayern"]
[Date "2019.03.24"]
[Round "8.8"]
[White "Link, Robert"]
[Black "Ersoez, Can Hakki"]
[Result "1/2-1/2"]
[WhiteElo "1858"]
[BlackElo "1881"]
[PlyCount "33"]
[EventDate "2018.10.21"]
[EventType "team-tourn"]
[EventRounds "9"]
[EventCountry "GER"]
[SourceTitle "EXT 2022"]
[Source "ChessBase"]
[SourceDate "2021.10.06"]
[SourceVersion "1"]
[SourceVersionDate "2021.10.06"]
[SourceQuality "1"]
[WhiteTeam "Klingenberg"]
[BlackTeam "Wuerzburg"]
[WhiteTeamCountry "GER"]
[BlackTeamCountry "GER"]

1. d4 c5 2. d5 d6 3. c4 e5 4. e4 Be7 5. Nc3 Bg5 6. Nf3 Bxc1 7. Rxc1 Ne7 8. Be2 Ng6 9. 0-0 Na6 10. Ne1 h5 11. Nd3 Qg5 12. Nb5 Ke7 13. f4 Nxf4 14. Nxf4 exf4 15. Qd2 Bh3 16. Bd1 f6 17. Rc3 1/2-1/2

[Event "Unterfranken-ch69 M2"]
[Site "Schweinfurt"]
[Date "2018.04.07"]
[Round "9"]
[White "Ersoez, Can Hakki"]
[Black "Kuhn, Norbert"]
[Result "1/2-1/2"]
[WhiteElo "1972"]
[BlackElo "2084"]
[PlyCount "41"]
[EventDate "2018.04.02"]
[EventType "swiss"]
[EventRounds "9"]
[EventCountry "GER"]
[SourceTitle "EXT 2019"]
[Source "ChessBase"]
[SourceDate "2018.10.10"]
[SourceVersion "1"]
[SourceVersionDate "2018.10.10"]
[SourceQuality "1"]

1. e4 e6 2. d4 d5 3. Nc3 Bb4 4. exd5 exd5 5. Bd3 Nf6 6. Nge2 0-0 7. 0-0 Bg4 8. f3 Bh5 9. Bg5 c6 10. Nf4 Bg6 11. Nxg6 fxg6 12. Ne2 Bd6 13. Qd2 Qc7 14. Bf4 Nbd7 15. Bxd6 Qxd6 16. Rae1 Rae8 17. Ng3 Rxe1 18. Rxe1 Re8 19. Rxe8+ Nxe8 20. c3 Nef6 21. Ne2 1/2-1/2

[Event "Unterfranken-ch69 M2"]
[Site "Schweinfurt"]
[Date "2018.04.06"]
[Round "7"]
[White "Gehrig, Thomas"]
[Black "Ersoez, Can Hakki"]
[Result "0-1"]
[WhiteElo "2066"]
[BlackElo "1972"]
[PlyCount "56"]
[EventDate "2018.04.02"]
[EventType "swiss"]
[EventRounds "9"]
[EventCountry "GER"]
[SourceTitle "EXT 2019"]
[Source "ChessBase"]
[SourceDate "2018.10.10"]
[SourceVersion "1"]
[SourceVersionDate "2018.10.10"]
[SourceQuality "1"]

1. c4 e5 2. Nc3 Nc6 3. g3 f5 4. Bg2 Nf6 5. d3 Bb4 6. Bd2 0-0 7. e3 Bxc3 8. bxc3 d6 9. Rb1 Qe8 10. Ne2 Qh5 11. d4 Kh8 12. Bc1 Ne4 13. f3 Nf6 14. 0-0 Na5 15. c5 Be6 16. Qa4 b6 17. cxb6 cxb6 18. Qc2 Rac8 19. Ra1 Nc4 20. Qa4 Rc7 21. Qd1 g5 22. h3 Qg6 23. Kh2 Qh6 24. a3 Rg7 25. Kg1 f4 26. g4 Nd5 27. Qd3 Ndxe3 28. Rf2 Qf6 0-1

[Event "Unterfranken-ch69 M2"]
[Site "Schweinfurt"]
[Date "2018.04.03"]
[Round "2"]
[White "Ersoez, Can Hakki"]
[Black "Heilmann, Karl Ludwig"]
[Result "1-0"]
[WhiteElo "1972"]
[BlackElo "1754"]
[PlyCount "65"]
[EventDate "2018.04.02"]
[EventType "swiss"]
[EventRounds "9"]
[EventCountry "GER"]
[SourceTitle "EXT 2019"]
[Source "ChessBase"]
[SourceDate "2018.10.10"]
[SourceVersion "1"]
[SourceVersionDate "2018.10.10"]
[SourceQuality "1"]

1. e4 c5 2. Nc3 Nc6 3. f4 d6 4. Nf3 g6 5. Bc4 Bg7 6. 0-0 e6 7. d3 a6 8. f5 Nge7 9. Ng5 gxf5 10. exf5 Bd4+ 11. Kh1 Nxf5 12. Rxf5 exf5 13. Qh5 Qe7 14. Bd2 Ne5 15. Re1 Bxc3 16. bxc3 b5 17. Bxf7+ Kd8 18. d4 Bb7 19. dxe5 dxe5 20. Be3 Kc8 21. Ne6 Qd7 22. Nxc5 Qc6 23. Qxf5+ Kc7 24. Qxe5+ Qd6 25. Qxd6+ Kxd6 26. Nxb7+ Kc6 27. Na5+ Kd6 28. c4 Rhf8 29. c5+ Kc7 30. Bf4+ Kd8 31. Bg5+ Kc8 32. Re7 Rd8 33. Be6+ 1-0

[Event "Unterfranken-ch69 M2"]
[Site "Schweinfurt"]
[Date "2018.04.02"]
[Round "1"]
[White "Mueller, Kai"]
[Black "Ersoez, Can Hakki"]
[Result "1/2-1/2"]
[WhiteElo "1787"]
[BlackElo "1972"]
[PlyCount "91"]
[EventDate "2018.04.02"]
[EventType "swiss"]
[EventRounds "9"]
[EventCountry "GER"]
[SourceTitle "EXT 2019"]
[Source "ChessBase"]
[SourceDate "2018.10.10"]
[SourceVersion "1"]
[SourceVersionDate "2018.10.10"]
[SourceQuality "1"]

1. e4 c5 2. c3 e5 3. Nf3 Nc6 4. Bc4 Qc7 5. d3 Nf6 6. Ng5 Nd8 7. f4 exf4 8. 0-0 Ne6 9. Na3 a6 10. Bxe6 dxe6 11. Bxf4 e5 12. Bg3 h6 13. Nf3 Bd6 14. Nc4 Bg4 15. Ne3 Be6 16. Nh4 0-0-0 17. Nhf5 Bf8 18. Bh4 g5 19. Bg3 Nxe4 20. d4 Nxg3 21. hxg3 exd4 22. cxd4 Kb8 23. d5 Qe5 24. Qf3 Bxd5 25. Nxd5 Qxd5 26. Qc3 c4 27. Rad1 Bc5+ 28. Kh2 Qe6 29. Rde1 Qd5 30. Ne7 Qd3 31. Qa5 Qd6 32. Rxf7 Bb4 33. Nc6+ Qxc6 34. Qxb4 Rhe8 35. Rxe8 Rxe8 36. Rf8 Rxf8 37. Qxf8+ Ka7 38. Qb4 Kb8 39. Qf8+ Ka7 40. Qb4 Qb5 41. Qc3 a5 42. Qe3+ b6 43. Qe7+ Ka6 44. Qe6 Qc5 45. a4 h5 46. Qe8 1/2-1/2

[Event "Landesliga Nord 1718"]
[Site "Bayern"]
[Date "2017.12.10"]
[Round "4.8"]
[White "Ersoez, Can Hakki"]
[Black "Meulner, Fabian"]
[Result "1-0"]
[WhiteElo "1884"]
[BlackElo "2017"]
[PlyCount "49"]
[EventDate "2017.10.22"]
[EventType "team-tourn"]
[EventRounds "9"]
[EventCountry "GER"]
[SourceTitle "EXT 2022"]
[Source "ChessBase"]
[SourceDate "2021.10.06"]
[SourceVersion "1"]
[SourceVersionDate "2021.10.06"]
[SourceQuality "1"]
[WhiteTeam "Wuerzburg"]
[BlackTeam "Nuernberg Sued SW"]
[WhiteTeamCountry "GER"]
[BlackTeamCountry "GER"]

1. e4 g6 2. Nc3 Bg7 3. f4 c6 4. Bc4 b5 5. Bb3 a5 6. a3 Na6 7. d3 b4 8. axb4 axb4 9. Na4 d5 10. Be3 Rb8 11. Nf3 Nf6 12. e5 Ng4 13. Bd4 0-0 14. h3 Nh6 15. g4 f6 16. 0-0 Nf7 17. Qe1 Qc7 18. exf6 exf6 19. Nc5 Nxc5 20. Bxc5 Qxf4 21. Nd4 Qh6 22. Qg3 Ne5 23. Nxc6 Nxc6 24. Bxd5+ Kh8 25. Bxc6 1-0

[Event "Regionalliga NW 1617"]
[Site "Bayern"]
[Date "2017.04.02"]
[Round "8.6"]
[White "Ersoez, Can Hakki"]
[Black "Gaertner, Marc"]
[Result "1/2-1/2"]
[WhiteElo "1848"]
[BlackElo "1719"]
[PlyCount "42"]
[EventDate "2016.10.16"]
[EventType "team-tourn"]
[EventRounds "9"]
[EventCountry "GER"]
[SourceTitle "EXT 2019"]
[Source "ChessBase"]
[SourceDate "2018.10.10"]
[SourceVersion "1"]
[SourceVersionDate "2018.10.10"]
[SourceQuality "1"]
[WhiteTeam "Wuerzburg"]
[BlackTeam "Weidhausen"]
[WhiteTeamCountry "GER"]
[BlackTeamCountry "GER"]

1. e4 g6 2. Nc3 Bg7 3. f4 d6 4. Nf3 c5 5. Bb5+ Bd7 6. Bc4 Nc6 7. 0-0 e6 8. a4 a6 9. d3 Nge7 10. Qe1 Nd4 11. Nxd4 Bxd4+ 12. Kh1 Bg7 13. f5 Nc6 14. Qg3 Be5 15. Bf4 Qc7 16. Qh4 Bxf4 17. Rxf4 Qd8 18. fxg6 fxg6 19. Qf2 Ne5 20. Rf1 Qe7 21. h3 0-0-0 1/2-1/2

[Event "Regionalliga NW 1617"]
[Site "Bayern"]
[Date "2016.12.04"]
[Round "3.7"]
[White "Ersoez, Can Hakki"]
[Black "Wuest, Michael"]
[Result "1-0"]
[WhiteElo "1848"]
[BlackElo "1861"]
[PlyCount "67"]
[EventDate "2016.10.16"]
[EventType "team-tourn"]
[EventRounds "9"]
[EventCountry "GER"]
[SourceTitle "EXT 2019"]
[Source "ChessBase"]
[SourceDate "2018.10.10"]
[SourceVersion "1"]
[SourceVersionDate "2018.10.10"]
[SourceQuality "1"]
[WhiteTeam "Wuerzburg"]
[BlackTeam "Hof PTSV"]
[WhiteTeamCountry "GER"]
[BlackTeamCountry "GER"]

1. e4 Nf6 2. e5 Nd5 3. Nc3 Nxc3 4. dxc3 d5 5. Be3 Bf5 6. h4 h5 7. Be2 g6 8. Qd2 Bg7 9. f4 0-0 10. 0-0-0 e6 11. Nf3 Nd7 12. Ng5 c5 13. Bf3 Qa5 14. Kb1 Nb6 15. Qe2 Nc4 16. Bc1 Rac8 17. g4 hxg4 18. Bxg4 Rc6 19. Bxf5 Ra6 20. a3 Nxa3+ 21. bxa3 c4 22. Bb2 Rc8 23. Bxe6 fxe6 24. h5 Rcc6 25. hxg6 Rcb6 26. Rh3 Qxa3 27. Kc1 Qxb2+ 28. Kd2 Ra2 29. Rc1 Rc6 30. Qh2 Rc7 31. Nxe6 Rd7 32. Nxg7 Kf8 33. Rh8+ Ke7 34. Re8# 1-0

[Event "Regionalliga NW 1617"]
[Site "Bayern"]
[Date "2016.10.16"]
[Round "1.6"]
[White "Stadtmueller, Michael"]
[Black "Ersoez, Can Hakki"]
[Result "1-0"]
[WhiteElo "1889"]
[BlackElo "1848"]
[PlyCount "81"]
[EventDate "2016.10.16"]
[EventType "team-tourn"]
[EventRounds "9"]
[EventCountry "GER"]
[SourceTitle "EXT 2019"]
[Source "ChessBase"]
[SourceDate "2018.10.10"]
[SourceVersion "1"]
[SourceVersionDate "2018.10.10"]
[SourceQuality "1"]
[WhiteTeam "Moembris"]
[BlackTeam "Wuerzburg"]
[WhiteTeamCountry "GER"]
[BlackTeamCountry "GER"]

1. d4 Nf6 2. Nf3 g6 3. c4 Bg7 4. Nc3 0-0 5. h3 c5 6. e3 Nc6 7. Bd3 d5 8. 0-0 Nb4 9. dxc5 Nxd3 10. Qxd3 Bf5 11. Qe2 dxc4 12. e4 Be6 13. Be3 Qd3 14. Qxd3 cxd3 15. Rfd1 Rfd8 16. Rd2 Bc4 17. Rad1 Nd7 18. Nd5 e6 19. Nb4 Rdc8 20. Rc1 Bb5 21. Nxd3 Nf6 22. e5 Ne4 23. Rdd1 Rd8 24. Nfe1 a5 25. g4 f6 26. f3 Ng5 27. h4 Nf7 28. Nf4 Rxd1 29. Rxd1 Rd8 30. Rc1 Nxe5 31. Nxe6 Re8 32. Nc7 Nxf3+ 33. Kf2 Nxe1 34. Rxe1 Rxe3 35. Rxe3 Bc6 36. Ne6 Bh6 37. g5 fxg5 38. hxg5 Bf8 39. Nxf8 Kxf8 40. Kg3 Kf7 41. Kf4 1-0

[Event "Regionalliga NW 1516"]
[Site "Bayern"]
[Date "2016.04.10"]
[Round "9.4"]
[White "Bodenschatz, Josef"]
[Black "Ersoez, Can Hakki"]
[Result "0-1"]
[WhiteElo "1844"]
[BlackElo "1892"]
[PlyCount "70"]
[EventDate "2015.10.11"]
[EventType "team-tourn"]
[EventRounds "9"]
[EventCountry "GER"]
[SourceTitle "EXT 2018"]
[Source "ChessBase"]
[SourceDate "2017.10.13"]
[SourceVersion "1"]
[SourceVersionDate "2017.10.13"]
[SourceQuality "1"]
[WhiteTeam "Kirchenlaibach"]
[BlackTeam "Wuerzburg"]
[WhiteTeamCountry "GER"]
[BlackTeamCountry "GER"]

1. e4 c5 2. Nc3 Nc6 3. f4 g6 4. Nf3 Bg7 5. Bb5 Nd4 6. Nxd4 cxd4 7. Ne2 e6 8. 0-0 Ne7 9. a4 0-0 10. Kh1 a6 11. Bd3 d5 12. e5 f6 13. Nxd4 fxe5 14. fxe5 Rxf1+ 15. Qxf1 Bxe5 16. Nf3 Bg7 17. Qe1 Nc6 18. c3 e5 19. Bc2 e4 20. Ng1 Bf5 21. h3 Qd6 22. b3 Ne5 23. Qe3 h5 24. Ba3 Qd7 25. Rf1 Re8 26. Qg3 Nc6 27. Bc5 d4 28. cxd4 Nxd4 29. Bd1 Be5 30. Qf2 Qg7 31. b4 Be6 32. Re1 Bd5 33. d3 Nf5 34. Rxe4 Bxe4 35. dxe4 Ng3+ 0-1

[Event "Regionalliga NW 1516"]
[Site "Bayern"]
[Date "2016.03.13"]
[Round "8.4"]
[White "Ersoez, Can Hakki"]
[Black "Weck, Hans"]
[Result "0-1"]
[WhiteElo "1892"]
[BlackElo "1962"]
[PlyCount "52"]
[EventDate "2015.10.11"]
[EventType "team-tourn"]
[EventRounds "9"]
[EventCountry "GER"]
[SourceTitle "EXT 2018"]
[Source "ChessBase"]
[SourceDate "2017.10.13"]
[SourceVersion "1"]
[SourceVersionDate "2017.10.13"]
[SourceQuality "1"]
[WhiteTeam "Wuerzburg"]
[BlackTeam "Bad Neustadt"]
[WhiteTeamCountry "GER"]
[BlackTeamCountry "GER"]

1. e4 d6 2. Nc3 g6 3. f4 Bg7 4. Nf3 Nf6 5. Bc4 0-0 6. d3 c5 7. 0-0 Nc6 8. a3 a6 9. Qe1 Nd4 10. Nxd4 cxd4 11. Nd5 e6 12. Nxf6+ Bxf6 13. Qg3 Kg7 14. Bd2 b5 15. Bb3 Bh4 16. Qh3 h5 17. f5 exf5 18. exf5 Bg5 19. Bxg5 Qxg5 20. f6+ Kh6 21. Qf3 Bf5 22. Rae1 Qxf6 23. h3 Kg7 24. Qc6 h4 25. Re4 Qg5 26. Rxd4 Qe3+ 0-1

[Event "Landesliga Nord 1415"]
[Site "Bayern"]
[Date "2015.02.22"]
[Round "7.7"]
[White "Graf, Eduard"]
[Black "Ersoez, Can Hakki"]
[Result "0-1"]
[WhiteElo "1824"]
[BlackElo "1892"]
[PlyCount "38"]
[EventDate "2014.10.19"]
[EventType "team-tourn"]
[EventRounds "9"]
[EventCountry "GER"]
[SourceTitle "EXT 2018"]
[Source "ChessBase"]
[SourceDate "2017.10.13"]
[SourceVersion "1"]
[SourceVersionDate "2017.10.13"]
[SourceQuality "1"]
[WhiteTeam "Bad Koetzting"]
[BlackTeam "Wuerzburg"]
[WhiteTeamCountry "GER"]
[BlackTeamCountry "GER"]

1. c4 e5 2. Nc3 Nc6 3. g3 f5 4. Bg2 Nf6 5. d3 Bb4 6. Bd2 0-0 7. a3 Bxc3 8. Bxc3 d6 9. Nf3 Qe8 10. 0-0 Qh5 11. c5 Kh8 12. cxd6 cxd6 13. Qa4 f4 14. b4 Bh3 15. b5 Ne7 16. Rac1 Ng4 17. Qc4 fxg3 18. hxg3 Rxf3 19. Bxf3 Bg2 0-1

[Event "Landesliga Nord 1415"]
[Site "Bayern"]
[Date "2015.01.18"]
[Round "5.8"]
[White "Ersoez, Can Hakki"]
[Black "Link, Klaus"]
[Result "1-0"]
[WhiteElo "1892"]
[BlackElo "1932"]
[PlyCount "39"]
[EventDate "2014.10.19"]
[EventType "team-tourn"]
[EventRounds "9"]
[EventCountry "GER"]
[SourceTitle "EXT 2018"]
[Source "ChessBase"]
[SourceDate "2017.10.13"]
[SourceVersion "1"]
[SourceVersionDate "2017.10.13"]
[SourceQuality "1"]
[WhiteTeam "Wuerzburg"]
[BlackTeam "Klingenberg"]
[WhiteTeamCountry "GER"]
[BlackTeamCountry "GER"]

1. e4 c5 2. Nc3 Nc6 3. f4 e6 4. Nf3 g6 5. Bb5 Nge7 6. 0-0 Bg7 7. d3 0-0 8. Qe1 Nd4 9. Nxd4 Bxd4+ 10. Kh1 a6 11. Ba4 b5 12. Bb3 d5 13. f5 c4 14. f6 cxb3 15. Qh4 Nf5 16. Rxf5 Bxc3 17. e5 Kh8 18. Qh6 Rg8 19. Rf3 g5 20. Rh3 1-0

[Event "Regionalliga NW 1314"]
[Site "Bayern"]
[Date "2014.04.06"]
[Round "9.3"]
[White "Reissner, Andreas"]
[Black "Ersoez, Can Hakki"]
[Result "1-0"]
[WhiteElo "2052"]
[BlackElo "1885"]
[PlyCount "101"]
[EventDate "2013.10.13"]
[EventType "team-tourn"]
[EventRounds "9"]
[EventCountry "GER"]
[SourceTitle "EXT 2015"]
[Source "ChessBase"]
[SourceDate "2014.11.20"]
[SourceVersion "1"]
[SourceVersionDate "2014.11.20"]
[SourceQuality "1"]
[WhiteTeam "Marktleuthen"]
[BlackTeam "Wuerzburg II"]
[WhiteTeamCountry "GER"]
[BlackTeamCountry "GER"]

1. e4 c5 2. Nf3 d6 3. Bc4 Nf6 4. Nc3 Nc6 5. d4 cxd4 6. Nxd4 g6 7. Nxc6 bxc6 8. e5 Ng4 9. exd6 Qxd6 10. Qxd6 exd6 11. 0-0 Be6 12. Re1 Kd7 13. Bb3 d5 14. h3 Nf6 15. Bg5 Bg7 16. Rad1 h6 17. Bf4 Nh5 18. Bh2 Rhd8 19. Ba4 Bxc3 20. bxc3 Ke7 21. Bxc6 Rac8 22. Bxd5 Rxc3 23. Bxe6 Rxd1 24. Rxd1 fxe6 25. Rd2 Nf6 26. Bd6+ Kf7 27. Bb4 Rc4 28. a3 Nd5 29. c3 a6 30. Kf1 h5 31. Rd3 Kf6 32. g3 Ke5 33. Ke2 h4 34. Kd2 Ke4 35. gxh4 Ke5 36. Rg3 Rf4 37. Bc5 Rxh4 38. Rxg6 Rxh3 39. Be3 Kd6 40. Rg4 Rh5 41. Ra4 Nc7 42. c4 Kc6 43. Rb4 Ra5 44. a4 Rf5 45. Kd3 Rh5 46. Ke4 Rh4+ 47. f4 Rh5 48. Bd4 Rh2 49. Rb6+ Kd7 50. Be5 Re2+ 51. Kd3 1-0

[Event "Regionalliga NW 1314"]
[Site "Bayern"]
[Date "2014.03.16"]
[Round "8.5"]
[White "Ersoez, Can Hakki"]
[Black "Schmitz, Wolfgang"]
[Result "0-1"]
[WhiteElo "1885"]
[BlackElo "1849"]
[PlyCount "70"]
[EventDate "2013.10.13"]
[EventType "team-tourn"]
[EventRounds "9"]
[EventCountry "GER"]
[SourceTitle "EXT 2015"]
[Source "ChessBase"]
[SourceDate "2014.11.20"]
[SourceVersion "1"]
[SourceVersionDate "2014.11.20"]
[SourceQuality "1"]
[WhiteTeam "Wuerzburg II"]
[BlackTeam "Prichsenstadt"]
[WhiteTeamCountry "GER"]
[BlackTeamCountry "GER"]

1. e4 e5 2. Nf3 d6 3. d4 exd4 4. Nxd4 Nf6 5. Nc3 Be7 6. Qf3 0-0 7. Nf5 Bxf5 8. Qxf5 c6 9. Be3 Re8 10. 0-0-0 Bf8 11. Bd4 Nbd7 12. g4 b5 13. g5 Nh5 14. Bg2 b4 15. Ne2 c5 16. Be3 Qc7 17. f4 g6 18. Qh3 Rad8 19. Ng3 Bg7 20. Nxh5 gxh5 21. Qxh5 Qa5 22. Kb1 Nb6 23. Bc1 Nc4 24. Qe2 Na3+ 25. bxa3 bxa3 26. e5 Rb8+ 27. Bb2 Rxb2+ 28. Ka1 Reb8 29. Qc4 dxe5 30. f5 Qb4 31. Qxb4 R2xb4 32. Bd5 Rd4 33. g6 hxg6 34. fxg6 e4 35. Bxf7+ Kf8 0-1

[Event "Regionalliga NW 1213"]
[Site "Bayern"]
[Date "2013.04.14"]
[Round "9.4"]
[White "Verlatov, Artjom"]
[Black "Ersoez, Can Hakki"]
[Result "0-1"]
[WhiteElo "1970"]
[BlackElo "1947"]
[PlyCount "46"]
[EventDate "2012.10.14"]
[EventType "team-tourn"]
[EventRounds "9"]
[EventCountry "GER"]
[SourceTitle "EXT 2015"]
[Source "ChessBase"]
[SourceDate "2014.11.20"]
[SourceVersion "1"]
[SourceVersionDate "2014.11.20"]
[SourceQuality "1"]
[WhiteTeam "Hof"]
[BlackTeam "Wuerzburg II"]
[WhiteTeamCountry "GER"]
[BlackTeamCountry "GER"]

1. e4 c5 2. Nf3 d6 3. d4 cxd4 4. Nxd4 Nf6 5. Nc3 g6 6. Be3 Bg7 7. Qd2 Ng4 8. Bg5 h6 9. Bh4 Nc6 10. Nb3 Be6 11. Be2 Rc8 12. f4 Na5 13. f5 Nc4 14. Bxc4 Bxc4 15. fxg6 fxg6 16. 0-0-0 Bxb3 17. Qf4 Be6 18. Nd5 Bxd5 19. Rxd5 Qb6 20. Qxg4 Qxb2+ 21. Kd1 Qxc2+ 22. Ke1 Bc3+ 23. Kf1 Rf8+ 0-1

[Event "Regionalliga NW 1213"]
[Site "Bayern"]
[Date "2013.01.13"]
[Round "5.6"]
[White "Ersoez, Can Hakki"]
[Black "Lengerer, Peter"]
[Result "1/2-1/2"]
[WhiteElo "1947"]
[BlackElo "1907"]
[PlyCount "52"]
[EventDate "2012.10.14"]
[EventType "team-tourn"]
[EventRounds "9"]
[EventCountry "GER"]
[SourceTitle "EXT 2015"]
[Source "ChessBase"]
[SourceDate "2014.11.20"]
[SourceVersion "1"]
[SourceVersionDate "2014.11.20"]
[SourceQuality "1"]
[WhiteTeam "Wuerzburg II"]
[BlackTeam "Coburg"]
[WhiteTeamCountry "GER"]
[BlackTeamCountry "GER"]

1. e4 g6 2. Nc3 c5 3. f4 Bg7 4. Nf3 Nc6 5. Bb5 Nd4 6. 0-0 a6 7. Bd3 d6 8. Nxd4 Bxd4+ 9. Kh1 b5 10. Ne2 Bg7 11. c3 Nf6 12. Bc2 Bb7 13. d3 c4 14. e5 dxe5 15. fxe5 Ng4 16. d4 0-0 17. Ng3 f5 18. Bg5 h6 19. Bf4 e6 20. Qe1 Qh4 21. Ne2 Qh5 22. Kg1 g5 23. h3 gxf4 24. Nxf4 Qe8 25. hxg4 fxg4 26. Be4 Bxe4 1/2-1/2

[Event "Regionalliga NW 1112"]
[Site "Bayern"]
[Date "2012.04.15"]
[Round "9.5"]
[White "Wuest, Michael"]
[Black "Ersoez, Can Hakki"]
[Result "1/2-1/2"]
[WhiteElo "1879"]
[BlackElo "1902"]
[PlyCount "28"]
[EventDate "2011.10.02"]
[EventType "team-tourn"]
[EventRounds "9"]
[EventCountry "GER"]
[SourceTitle "EXT 2020"]
[Source "ChessBase"]
[SourceDate "2019.10.17"]
[SourceVersion "1"]
[SourceVersionDate "2019.10.17"]
[SourceQuality "1"]
[WhiteTeam "Hof"]
[BlackTeam "Wuerzburg II"]
[WhiteTeamCountry "GER"]
[BlackTeamCountry "GER"]

1. e4 c5 2. Nf3 d6 3. d4 cxd4 4. Nxd4 Nf6 5. Nc3 g6 6. Bc4 Bg7 7. f3 Nc6 8. Be3 0-0 9. Qd2 Bd7 10. 0-0-0 Rc8 11. Bb3 Ne5 12. Kb1 Nc4 13. Bxc4 Rxc4 14. g4 b5 1/2-1/2

[Event "Unterfranken-ch M1 63th"]
[Site "Schweinfurt"]
[Date "2012.04.13"]
[Round "7"]
[White "Ersoez, Can Hakki"]
[Black "Vogt, Thomas"]
[Result "1-0"]
[WhiteElo "1889"]
[BlackElo "1859"]
[PlyCount "67"]
[EventDate "2012.04.09"]
[EventType "swiss"]
[EventRounds "9"]
[EventCountry "GER"]
[SourceTitle "EXT 2015"]
[Source "ChessBase"]
[SourceDate "2014.11.20"]
[SourceVersion "1"]
[SourceVersionDate "2014.11.20"]
[SourceQuality "1"]

1. Nf3 Nf6 2. g3 d5 3. Bg2 c5 4. d3 Nc6 5. 0-0 e5 6. e4 dxe4 7. dxe4 Qxd1 8. Rxd1 Bg4 9. c3 Be7 10. Na3 0-0 11. Re1 h6 12. Nc4 Bxf3 13. Bxf3 Rfd8 14. a4 Rac8 15. Ne3 Bf8 16. a5 Rd6 17. Nd5 Ne7 18. Nxf6+ Rxf6 19. Be2 Rd6 20. Bc4 Nc6 21. b3 Be7 22. Be3 Rdd8 23. a6 b6 24. Red1 Kf8 25. Bd5 Rd6 26. Rd3 Na5 27. f4 Nxb3 28. Rf1 c4 29. Rdd1 Rf6 30. fxe5 Rxf1+ 31. Rxf1 Nc5 32. Rxf7+ Ke8 33. Rxg7 Bf8 34. Rxa7 1-0

[Event "Unterfranken-ch M1 63th"]
[Site "Schweinfurt"]
[Date "2012.04.12"]
[Round "6"]
[White "Ersoez, Can Hakki"]
[Black "Krenz, Dieter"]
[Result "1/2-1/2"]
[WhiteElo "1889"]
[BlackElo "1896"]
[PlyCount "107"]
[EventDate "2012.04.09"]
[EventType "swiss"]
[EventRounds "9"]
[EventCountry "GER"]
[SourceTitle "EXT 2015"]
[Source "ChessBase"]
[SourceDate "2014.11.20"]
[SourceVersion "1"]
[SourceVersionDate "2014.11.20"]
[SourceQuality "1"]

1. e4 Nf6 2. e5 Nd5 3. d4 d6 4. Nf3 Bg4 5. Be2 e6 6. 0-0 Be7 7. c4 Nb6 8. Nc3 0-0 9. Be3 d5 10. c5 Bxf3 11. gxf3 N6d7 12. b4 a6 13. Kh1 f5 14. f4 Rf7 15. Qd2 Bf8 16. Bf3 c6 17. a4 b6 18. Rab1 g6 19. Ne2 Bh6 20. Nc1 b5 21. Ra1 bxa4 22. Rxa4 Nf8 23. Nb3 Rfa7 24. Rfa1 Kh8 25. Be2 Qd7 26. Bd3 Qb7 27. Qe2 Nfd7 28. b5 axb5 29. R4a2 Rxa2 30. Rxa2 Rxa2 31. Qxa2 Qa6 32. Qxa6 Nxa6 33. Na5 Ndb8 34. Nb7 Kg8 35. Nd8 Nc7 36. Bd2 Kf8 37. Ba5 Nba6 38. Nxc6 Bxf4 39. Nb4 Nxb4 40. Bxb4 Ke8 41. Kg2 Bc1 42. Kf3 g5 43. Ba5 Kd7 44. Bxc7 Kxc7 45. Bxb5 g4+ 46. Ke2 Kd8 47. f3 Bf4 48. fxg4 fxg4 49. Bd3 Bxh2 50. Bxh7 Bg1 51. Bg8 Kd7 52. c6+ Kxc6 53. Bxe6 g3 54. Kf3 1/2-1/2